Brazas bajo cenizas (Record no. 1625)

MARC details
000 -LEADER
campo de control de longitud fija 00448nam a2200133 4500
008 - DATOS DE LONGITUD FIJA--INFORMACIÓN GENERAL
campo de control de longitud fija 708 R741b
020 ## - NÚMERO INTERNACIONAL ESTÁNDAR DEL LIBRO
Número Internacional Estándar del Libro 8489034990
082 ## - NÚMERO DE LA CLASIFICACIÓN DECIMAL DEWEY
Número de clasificación 708
Número de ítem R741b
100 ## - ENTRADA PRINCIPAL--NOMBRE DE PERSONA
Nombre de persona Roig, Bernardí
9 (RLIN) 6581
245 ## - MENCIÓN DEL TÍTULO
Título Brazas bajo cenizas
260 ## - PUBLICACIÓN, DISTRIBUCIÓN, ETC.
Lugar de publicación, distribución, etc. Madrid
Nombre del editor, distribuidor, etc. Generalitat Valenciana
-- Ajuntament de Palma
-- Govern Balear
Fecha de publicación, distribución, etc. 1998
300 ## - DESCRIPCIÓN FÍSICA
Extensión 130 p.
Otras características físicas ill (col)
Dimensiones 27 x 21 cm
650 ## - PUNTO DE ACCESO ADICIONAL DE MATERIA--TÉRMINO DE MATERIA
Subdivisión general arte contemporáneo
-- arte - exhibiciones
-- arte - simbolismo
-- arte - religión
-- España
9 (RLIN) 6703
Holdings
Estatus retirado Estado de pérdida Fuente del sistema de clasificación o colocación Estado de daño No para préstamo Biblioteca de origen Biblioteca actual Ubicación en estantería Fecha de adquisición Total de préstamos Signatura topográfica completa Código de barras Visto por última vez Precio de reemplazo Tipo de ítem Koha
    Clasificación Decimal Dewey     Biblioteca LadoV Biblioteca LadoV   27/09/2018   708 R741b 000979 27/09/2018 27/09/2018 Material 01